Rong Tappi Toy Story 3 Quiz Stats

 Plays Quiz not verified by Sporcle

Challenge
Share
Tweet
Embed
Score 0/10 Timer 05:00
0 Plays Today
Hints Answers % Correct
????
100%
????
66.7%
????
53.9%
????
45.6%
????
22%
????
22%
????
19.9%
????
11.8%
????
9.5%
????
3.3%

You're not logged in!

Compare scores with friends on all Sporcle quizzes.
Join for Free
OR
Log In

You Might Also Like...

Show Comments

Extras

Created Jul 7, 2010ReportNominate
Tags:Toys Quiz, story, Toy Story

Top Quizzes Today


Score Distribution

Your Account Isn't Verified!

In order to create a playlist on Sporcle, you need to verify the email address you used during registration. Go to your Sporcle Settings to finish the process.

Report this User

Report this user for behavior that violates our Community Guidelines.

Details: